000 00591nam a2200181 4500
999 _c13835
_d13835
020 _a9789710095759
082 _aFil. 224.509505 R4947g 2016
100 _aReyes, Yna
245 _aRoar! /
_cretold by Yna Reyes ; illustrated by Bianca Lesaca
260 _aMetro Manila
_bOMF Literature Inc.
_cc2016
300 _a31 pages :
_bchiefly colored illustrations ;
_c22.5 x 17 cm
490 _aWow god!
526 _a200-299
_d220
650 _aBible stories, English--Daniel
650 _aChildren's stories, Philippine (English)
650 _aChildren's stories, Tagalog
942 _2ddc
_cBK